000 00324nam a2200133Ia 4500
008 240624s9999 xx 000 0 und d
041 _aeng
082 _a920 SYE
100 _aSYED M H
245 _aC V RAMAN
260 _c2010
_aMumbai
_bHimalaya Publishing House
300 _aix, : 282 : p. : cm. ; 22
365 _cRS
_b30
999 _c19512
_d19512